<?xml version="1.0" encoding="UTF-8"?>
<record
    xmlns:xsi="http://www.w3.org/2001/XMLSchema-instance"
    xsi:schemaLocation="http://www.loc.gov/MARC21/slim http://www.loc.gov/standards/marcxml/schema/MARC21slim.xsd"
    xmlns="http://www.loc.gov/MARC21/slim">

  <leader>01320nam2a22002891  4500</leader>
  <controlfield tag="001">v19\rc\1622333</controlfield>
  <controlfield tag="005">20250618230940.0</controlfield>
  <datafield tag="035" ind1=" " ind2=" ">
    <subfield code="a">(NLR Aleph) 004739611</subfield>
  </datafield>
  <datafield tag="090" ind1=" " ind2=" ">
    <subfield code="a">4486790</subfield>
    <subfield code="c">4486790</subfield>
  </datafield>
  <datafield tag="100" ind1=" " ind2=" ">
    <subfield code="a">20061002d1898    |||y0rusy50      ca</subfield>
  </datafield>
  <datafield tag="101" ind1="0" ind2=" ">
    <subfield code="a">rus</subfield>
  </datafield>
  <datafield tag="102" ind1=" " ind2=" ">
    <subfield code="a">RU</subfield>
  </datafield>
  <datafield tag="105" ind1=" " ind2=" ">
    <subfield code="a">y   z   |||||</subfield>
  </datafield>
  <datafield tag="200" ind1="0" ind2=" ">
    <subfield code="a">&#x427;. 1</subfield>
  </datafield>
  <datafield tag="210" ind1=" " ind2=" ">
    <subfield code="d">1898</subfield>
    <subfield code="a">&#x411;. &#x43C;.</subfield>
  </datafield>
  <datafield tag="215" ind1=" " ind2=" ">
    <subfield code="a">XXIV, 214 &#x441;.</subfield>
  </datafield>
  <datafield tag="461" ind1=" " ind2="0">
    <subfield code="1">001v19\rc\1622332</subfield>
    <subfield code="1">2001#$a&#x41B;&#x435;&#x43A;&#x446;&#x438;&#x438; &#x438;&#x43D;&#x442;&#x435;&#x433;&#x440;&#x430;&#x43B;&#x44C;&#x43D;&#x43E;&#x433;&#x43E; &#x438;&#x441;&#x447;&#x438;&#x441;&#x43B;&#x435;&#x43D;&#x438;&#x44F;, &#x447;&#x438;&#x442;&#x430;&#x43D;&#x43D;&#x44B;&#x435; &#x43D;&#x430; &#x421;.-&#x41F;&#x435;&#x442;&#x435;&#x440;&#x431;&#x443;&#x440;&#x433;&#x441;&#x43A;&#x438;&#x445; &#x432;&#x44B;&#x441;&#x448;&#x438;&#x445; &#x436;&#x435;&#x43D;&#x441;&#x43A;&#x438;&#x445; &#x43A;&#x443;&#x440;&#x441;&#x430;&#x445; &#x430;&#x43A;&#x430;&#x434;&#x435;&#x43C;&#x438;&#x43A;&#x43E;&#x43C; &#x41D;.&#x42F;. &#x421;&#x43E;&#x43D;&#x438;&#x43D;&#x44B;&#x43C;$e&#x427;. 1-$v&#x427;. 1</subfield>
    <subfield code="1">700#1$a&#x421;&#x43E;&#x43D;&#x438;&#x43D;$b&#x41D;.&#x42F;.$f1849-1915$g&#x41D;&#x438;&#x43A;&#x43E;&#x43B;&#x430;&#x439; &#x42F;&#x43A;&#x43E;&#x432;&#x43B;&#x435;&#x432;&#x438;&#x447;</subfield>
    <subfield code="9">4486788</subfield>
    <subfield code="a">&#x421;&#x43E;&#x43D;&#x438;&#x43D;, &#x41D;.&#x42F;. (1849-1915)</subfield>
    <subfield code="c">&#x421;&#x430;&#x43D;&#x43A;&#x442;-&#x41F;&#x435;&#x442;&#x435;&#x440;&#x431;&#x443;&#x440;&#x433;</subfield>
    <subfield code="d">1898</subfield>
    <subfield code="n">&#x421;.-&#x41F;&#x435;&#x442;&#x435;&#x440;&#x431;. &#x432;&#x44B;&#x441;&#x448;. &#x436;&#x435;&#x43D;. &#x43A;&#x443;&#x440;&#x441;&#x44B;</subfield>
    <subfield code="o">&#x427;. 1-</subfield>
    <subfield code="t">&#x41B;&#x435;&#x43A;&#x446;&#x438;&#x438; &#x438;&#x43D;&#x442;&#x435;&#x433;&#x440;&#x430;&#x43B;&#x44C;&#x43D;&#x43E;&#x433;&#x43E; &#x438;&#x441;&#x447;&#x438;&#x441;&#x43B;&#x435;&#x43D;&#x438;&#x44F;, &#x447;&#x438;&#x442;&#x430;&#x43D;&#x43D;&#x44B;&#x435; &#x43D;&#x430; &#x421;.-&#x41F;&#x435;&#x442;&#x435;&#x440;&#x431;&#x443;&#x440;&#x433;&#x441;&#x43A;&#x438;&#x445; &#x432;&#x44B;&#x441;&#x448;&#x438;&#x445; &#x436;&#x435;&#x43D;&#x441;&#x43A;&#x438;&#x445; &#x43A;&#x443;&#x440;&#x441;&#x430;&#x445; &#x430;&#x43A;&#x430;&#x434;&#x435;&#x43C;&#x438;&#x43A;&#x43E;&#x43C; &#x41D;.&#x42F;. &#x421;&#x43E;&#x43D;&#x438;&#x43D;&#x44B;&#x43C;</subfield>
    <subfield code="v">&#x427;. 1</subfield>
  </datafield>
  <datafield tag="801" ind1=" " ind2="0">
    <subfield code="a">RU</subfield>
    <subfield code="b">NLR</subfield>
    <subfield code="g">psbo</subfield>
  </datafield>
  <datafield tag="801" ind1=" " ind2="0">
    <subfield code="a">RU</subfield>
    <subfield code="b">RuMoRGB</subfield>
    <subfield code="2">psbo</subfield>
  </datafield>
  <datafield tag="801" ind1=" " ind2="1">
    <subfield code="a">RU</subfield>
    <subfield code="b">ProSoft-M</subfield>
    <subfield code="2">rusmarc</subfield>
  </datafield>
  <datafield tag="852" ind1=" " ind2=" ">
    <subfield code="a">NLR</subfield>
    <subfield code="j">20.84.5.35</subfield>
  </datafield>
  <datafield tag="852" ind1=" " ind2=" ">
    <subfield code="a">NLR</subfield>
    <subfield code="j">127/1749</subfield>
  </datafield>
  <datafield tag="899" ind1=" " ind2=" ">
    <subfield code="a">RuMoRGB</subfield>
    <subfield code="j">S 38/348</subfield>
  </datafield>
  <datafield tag="899" ind1=" " ind2=" ">
    <subfield code="a">&#x411;&#x410;&#x41D;</subfield>
  </datafield>
  <datafield tag="899" ind1=" " ind2=" ">
    <subfield code="a">&#x41D;&#x411; &#x41C;&#x413;&#x423;</subfield>
  </datafield>
  <datafield tag="942" ind1=" " ind2=" ">
    <subfield code="c">BOOK</subfield>
  </datafield>
  <datafield tag="980" ind1=" " ind2=" ">
    <subfield code="a">NB</subfield>
  </datafield>
  <datafield tag="995" ind1=" " ind2=" ">
    <subfield code="5">2013-10-26</subfield>
    <subfield code="b">NLR02</subfield>
    <subfield code="c">NLR02</subfield>
    <subfield code="e">RFS</subfield>
    <subfield code="f">4739611-10</subfield>
    <subfield code="k">127/1749</subfield>
    <subfield code="o">0</subfield>
    <subfield code="r">BOOK</subfield>
    <subfield code="s">1271749_</subfield>
  </datafield>
  <datafield tag="995" ind1=" " ind2=" ">
    <subfield code="5">2013-10-26</subfield>
    <subfield code="b">NLR02</subfield>
    <subfield code="c">NLR02</subfield>
    <subfield code="e">RFS</subfield>
    <subfield code="f">4739611-20</subfield>
    <subfield code="k">20.84.5.35</subfield>
    <subfield code="o">0</subfield>
    <subfield code="r">BOOK</subfield>
    <subfield code="s">2084535_</subfield>
  </datafield>
  <datafield tag="995" ind1=" " ind2=" ">
    <subfield code="5">2013-10-26</subfield>
    <subfield code="b">NLR01</subfield>
    <subfield code="c">NLR01</subfield>
    <subfield code="e">TEMP</subfield>
    <subfield code="f">4739611-40</subfield>
    <subfield code="o">0</subfield>
    <subfield code="r">BOOK</subfield>
  </datafield>
  <datafield tag="995" ind1=" " ind2=" ">
    <subfield code="5">2013-10-26</subfield>
    <subfield code="b">NLR01</subfield>
    <subfield code="c">NLR01</subfield>
    <subfield code="e">TEMP</subfield>
    <subfield code="f">4739611-50</subfield>
    <subfield code="o">0</subfield>
    <subfield code="r">BOOK</subfield>
  </datafield>
</record>
